| 000 | 00646cam a22002413a 4500 | ||
|---|---|---|---|
| 001 | 6377 | ||
| 003 | PGUSA | ||
| 005 | 20140828083131.0 | ||
| 008 | 040801s2004||||xxu|||||s|||||000 1 eng d | ||
| 040 |
_aPGUSA _beng |
||
| 042 | _adc | ||
| 050 | 4 | _aPQ | |
| 100 | 1 |
_aFrance, Anatole, _d1844-1924 |
|
| 245 | 1 | 0 |
_aThaïs _h[electronic resource] / _cAnatole France |
| 260 |
_bProject Gutenberg, _c2004 |
||
| 506 | _aPublic domain in the USA. | ||
| 516 | _aElectronic text | ||
| 653 | _aChristian women saints -- Fiction | ||
| 740 | 0 | _aThais | |
| 830 | 0 |
_aProject Gutenberg _v6377 |
|
| 856 | 4 | 0 | _uhttp://www.gutenberg.org/ebooks/6377 |
| 942 | _cEB | ||
| 999 |
_c235700 _d235700 |
||